00313nam a2200133Ia 4500008004100000041000800041082001600049100002000065245003500085260001600120300000800136365001500144700002000159230718s9999 xx 000 0 und d aeng a954.02bPAL aPalkhivala N.A. aWe The Nation The Lost Decades c1994bUBSPD a332 cRs.b75.00 aPalkhivala N.A.